Catálogo de productores, exportadores e importadores españoles... (Record no. 185067)

MARC details
000 -LEADER
campo de control de longitud fija 00646nam a2200193 i 4500
001 - NÚMERO DE CONTROL
campo de control 185067
003 - IDENTIFICADOR DE NÚMERO DE CONTROL
campo de control ES-MaACL
005 - FECHA Y HORA DE LA ÚLTIMA TRANSACCIÓN
campo de control 20230906222336.0
008 - DATOS DE LONGITUD FIJA--INFORMACIÓN GENERAL
campo de control de longitud fija 160317s1971 sp |||| | spa d
245 00 - MENCIÓN DEL TÍTULO
Título Catálogo de productores, exportadores e importadores españoles...
Resto del título : 1970-1971.
250 ## - MENCION DE EDICION
Mención de edición 12 ª ed.
260 ## - PUBLICACIÓN, DISTRIBUCIÓN, ETC.
Lugar de publicación, distribución, etc. Madrid :
Nombre del editor, distribuidor, etc. PRODEI,
Fecha de publicación, distribución, etc. 1971.
300 ## - DESCRIPCIÓN FÍSICA
Extensión 1607 p. ;
Dimensiones 28 cm.
500 ## - NOTA GENERAL
Nota general Edición en español, inglés, francés y alemán.
650 #4 - PUNTO DE ACCESO ADICIONAL DE MATERIA--TÉRMINO DE MATERIA
Término de materia o nombre geográfico como elemento de entrada Exportadores-
Subdivisión geográfica España-
Subdivisión de forma Directorios.
9 (RLIN) 159074
650 #4 - PUNTO DE ACCESO ADICIONAL DE MATERIA--TÉRMINO DE MATERIA
Término de materia o nombre geográfico como elemento de entrada Importadores-
Subdivisión geográfica España-
Subdivisión de forma Directorios.
9 (RLIN) 159075
710 2# - ENTRADA AGREGADA--NOMBRE DE ENTIDAD CORPORATIVA
Nombre de entidad corporativa o nombre de jurisdicción como elemento de entrada PRODEI (Madrid)
9 (RLIN) 159076
852 ## - LOCALIZACIÓN
Ubicación ES-MaACL
Número de control de estantería C-43300
Holdings
Estatus retirado Estado de pérdida Estado de daño No para préstamo Biblioteca de origen Biblioteca actual Ubicación en estantería Fecha de adquisición Fuente de adquisición Total de préstamos Signatura topográfica completa Código de barras Visto por última vez Precio de reemplazo Tipo de ítem Koha
        Biblioteca del Ateneo de Madrid Biblioteca del Ateneo de Madrid Depósito 2 17/03/2016     C-43300 1194935 23/02/2023 23/02/2023 Libro impreso